China and India: (Record no. 137671)

MARC details
000 -LEADER
fixed length control field 00951nam a22002417a 4500
005 - DATE AND TIME OF LATEST TRANSACTION
control field 20230703165016.0
010 ## - LCCN (DPL NO)
LC control number 1718EN-30 ENG-117281 B-687097-98 ENG-137244
020 ## - INTERNATIONAL STANDARD BOOK NUMBER
International Standard Book Number 9789385985690
Terms of availability 945.00
035 ## - SYSTEM CONTROL NUMBER
System control number EN-100813 EN-120776
035 ## - SYSTEM CONTROL NUMBER
System control number B-687097-98
037 ## - SOURCE OF ACQUISITION
Source of stock number/acquisition TBI
037 ## - SOURCE OF ACQUISITION
Source of stock number/acquisition DBAD/PUB
082 00 - DEWEY DECIMAL CLASSIFICATION NUMBER
Classification number 303.48257054
245 10 - TITLE STATEMENT
Title China and India:
Statement of responsibility, etc Edited by Paramita Mukerjee,Arnab K. Ded [and]Miao Pang
Remainder of title history,culture,cooperation and competition /
260 ## - PUBLICATION, DISTRIBUTION, ETC. (IMPRINT)
Place of publication, distribution, etc New Delhi
Name of publisher, distributor, etc SAGE Publications
Date of publication, distribution, etc 2016
270 ## - ADDRESS
Address B1/I-1 Mohan Cooperative Industrial Area, Mathura Road
City New Delhi
Postal code 110044
300 ## - PHYSICAL DESCRIPTION
Extent xxvi,232p.
Dimensions 22cm(Hb)
500 ## - GENERAL NOTE
General note Includes index
710 ## - ADDED ENTRY--CORPORATE NAME
Corporate name or jurisdiction name as entry element Ded, Arnab K. ed.
710 ## - ADDED ENTRY--CORPORATE NAME
Corporate name or jurisdiction name as entry element Pang, Miao ed.
942 ## - ADDED ENTRY ELEMENTS (KOHA)
Source of classification or shelving scheme Dewey Decimal Classification
Item type English Books
Classification part 303.48257054
Call number suffix CHI
Holdings
Withdrawn status Lost status Not for loan Collection code Home library Current library Date acquired Source of acquisition Cost, normal purchase price Full call number Barcode Copy number Cost, replacement price Koha item type
      Non-fiction Ashok Vihar Ashok Vihar 21/06/2018 TZ-18718/30.11.2017/686/20.11.2017/06.01.2018 945.00 303.48257054 CHI B-687098 1 945.00 English Books
    Not For Loan Non-fiction D.B.Act.Division Bawana 16/02/2017 DBAD/PUB 945.00 303.48257054 CHI EN-100813 1 945.00 English Books
      Non-fiction Bawana Bawana 03/07/2023 DBAD/PUB 945.00 303.48257054 CHI EN-120776 1 945.00 English Books
      Non-fiction Central Library Central Library 21/06/2018 TZ-18718/30.11.2017/686/20.11.2017/06.01.2018 945.00 303.48257054 CHI B-687097 1 945.00 English Books

© Delhi Public Library
Hit Counter
free hit counter